Harry Potter and the cursed child. Parts one and ... Read More
Available copies
- 5 of 5 copies available at LARL/NWRL Consortium.
- 2 of 2 copies available at Lake Agassiz Regional Library. (Show preferred library)
Current holds
0 current holds with 5 total copies.
Show Only Available Copies
| Location | Call Number / Copy Notes | Barcode | Shelving Location | Status | Due Date |
|---|---|---|---|---|---|
| Bagley Public Library | J ROW (Text) | 33500012390274 | Main | Available | - |
| Barnesville Public Library | J ROW (Text) | 33500013947304 | Main | Available | - |
| Karlstad LINK Site | j ROW (Text) | 35500005818859 | Main | Available | - |
| Roseau Public Library | j ROW (Text) | 35500005804503 | Main | Available | - |
| Warroad Public Library | j ROW (Text) | 35500006217655 | Main | Available | - |
Record details
- ISBN: 1338099132
- ISBN: 9781338099133
- Physical Description: vii, 327 pages ; 24 cm
- Edition: First edition, Special rehearsal edition.
- Publisher: New York, NY : Arthur A. Levine Books, an imprint of Scholastic Inc., 2016.
Content descriptions
| General Note: | "Based on an original new story by J.K. Rowling, John Tiffany & Jack Thorne." "First produced by Sonia Friedman Productions, Colin Callender & Harry Potter Theatrical ... Read More "The official script of the original West End production." |
| Summary, etc.: | Based on an original new story by J.K. Rowling, ... Read More |
Search for related items by subject
| Genre: | Fantasy drama. |
Search for related items by series
| LDR | 02236cam a2200505Ii 4500 | ||
|---|---|---|---|
| 001 | 203022 | ||
| 003 | LARL_NWRL_CONSORTIUM | ||
| 005 | 20180302165936.0 | ||
| 008 | 160212s2016 nyu j 000 0 eng d | ||
| 019 | . | ‡a942573926 | |
| 020 | . | ‡a1338099132 | |
| 020 | . | ‡a9781338099133 | |
| 035 | . | ‡a(OCoLC)939426523 ‡z(OCoLC)942573926 | |
| 082 | 0 | 4. | ‡a822/.92 ‡223 |
| 100 | 1 | . | ‡aRowling, J. K. ‡0(LARL_NWRL_CONSORTIUM)125043 |
| 245 | 1 | 0. | ‡aHarry Potter and the cursed child. ‡nParts one and two. ‡n#8 / ‡cJ. K Rowling. |
| 246 | 3 | . | ‡aHarry Potter & the cursed child |
| 250 | . | ‡aFirst edition, Special rehearsal edition. | |
| 264 | 1. | ‡aNew York, NY : ‡bArthur A. Levine Books, an imprint of Scholastic Inc., ‡c2016. | |
| 300 | . | ‡avii, 327 pages ; ‡c24 cm | |
| 336 | . | ‡atext ‡btxt ‡2rdacontent | |
| 337 | . | ‡aunmediated ‡bn ‡2rdamedia | |
| 338 | . | ‡avolume ‡bnc ‡2rdacarrier | |
| 490 | 0 | . | ‡aHarry Potter ; ‡v8 |
| 500 | . | ‡a"Based on an original new story by J.K. Rowling, John Tiffany & Jack Thorne." | |
| 500 | . | ‡a"First produced by Sonia Friedman Productions, Colin Callender & Harry Potter Theatrical Productions." | |
| 500 | . | ‡a"The official script of the original West End production." | |
| 520 | . | ‡aBased on an original new story by J.K. Rowling, John Tiffany and Jack Thorne, a new play by Jack Thorne, Harry Potter and the Cursed Child is the eighth story in the Harry Potter series and the first official Harry Potter story to be presented on stage. The play will receive its world premiere in London's West End on 30th July 2016.It was always difficult being Harry Potter and it isn't much easier now that he is an overworked employee of the Ministry of Magic, a husband and father of three school-age children.While Harry grapples with a past that refuses to stay where it belongs, his youngest son Albus must struggle with the weight of a family legacy he never wanted. As past and present fuse ominously, both father and son learn the uncomfortable truth: sometimes, darkness comes from unexpected places. | |
| 600 | 1 | 0. | ‡aPotter, Harry ‡c(Fictitious character) ‡vJuvenile drama. |
| 650 | 0. | ‡aGood and evil ‡vJuvenile drama. | |
| 650 | 0. | ‡aMagic ‡vJuvenile drama. | |
| 600 | 1 | 1. | ‡aPotter, Harry ‡c(Fictitious character) ‡vDrama. |
| 650 | 1. | ‡aGood and evil ‡vDrama. ‡0(LARL_NWRL_CONSORTIUM)169143 | |
| 650 | 1. | ‡aMagic ‡vDrama. | |
| 655 | 7. | ‡aFantasy drama. ‡2lcgft | |
| 700 | 1 | . | ‡aRowling, J. K., ‡ecreator. ‡0(LARL_NWRL_CONSORTIUM)125043 |
| 700 | 1 | . | ‡aTiffany, John, ‡d1971- ‡ecreator. |
| 901 | . | ‡a203022 ‡bOCoLC ‡c203022 ‡tbiblio ‡soclc | |

Add to basket
Permalink
Disable Highlighting